| 000 | 00000nam 2200000zi 4500 |
| 001 | 9.896229 |
| 003 | CaOODSP |
| 005 | 20240403135322 |
| 006 | m o d f |
| 007 | cr |n||||||||| |
| 008 | 210205s1988 onco o f|00 0|eng d |
| 040 | |aCaOODSP|beng|erda|cCaOODSP |
| 041 | 0 |aeng|afre |
| 043 | |an-cn--- |
| 086 | 1 |aST51-77/1988-PDF |
| 245 | 00|aSummary of media coverage of the National Conference on Technology and Innovation, January 13-14-15, 1988 = |bSommaire de la couverture des médias de la conférence nationale sur la technologie et l'innovation les 13, 14 et 15 janvier 1988. |
| 246 | 11|aSommaire de la couverture des médias de la conférence nationale sur la technologie et l'innovation les 13, 14 et 15 janvier 1988 |
| 264 | 1|a[Ottawa] : |bMinistry of State, Science and Technology, |c[1988] |
| 300 | |a1 online resource (1 volume (various pagings)) : |bphotographs |
| 336 | |atext|btxt|2rdacontent |
| 337 | |acomputer|bc|2rdamedia |
| 338 | |aonline resource|bcr|2rdacarrier |
| 500 | |aDigitized edition from print [produced by Innovation, Science and Economic Development Canada]. |
| 546 | |aText in English and French. |
| 650 | 0|aTechnological innovations|zCanada|xCongresses. |
| 650 | 0|aScience and state|zCanada|xCongresses. |
| 710 | 1 |aCanada. |bMinistry of State, Science and Technology, |eissuing body. |
| 792 | |tSummary of media coverage of the National Conference on Technology and Innovation, January 13-14-15, 1988 = |efre|w(CaOODSP)9.936286 |
| 856 | 40|qPDF|s12.31 MB|uhttps://publications.gc.ca/collections/collection_2024/isde-ised/st51/ST51-77-1988.pdf |